<?xml version="1.0" encoding="UTF-8"?>
<collection xmlns="http://www.loc.gov/MARC21/slim">
 <record>
  <leader>01985nam a2200397 a 4500</leader>
  <controlfield tag="001">2894582</controlfield>
  <controlfield tag="003">BD-DhAAL</controlfield>
  <controlfield tag="008">090914s1987    enka     b    001 0 eng d</controlfield>
  <datafield tag="999" ind1=" " ind2=" ">
   <subfield code="c">4022</subfield>
   <subfield code="d">4022</subfield>
  </datafield>
  <datafield tag="010" ind1=" " ind2=" ">
   <subfield code="a">\\\87011137 </subfield>
  </datafield>
  <datafield tag="020" ind1=" " ind2=" ">
   <subfield code="a">0198286090 (pbk. : v. 1) :</subfield>
   <subfield code="c">£7.95 ($12.00 U.S.)</subfield>
  </datafield>
  <datafield tag="020" ind1=" " ind2=" ">
   <subfield code="a">0198286104 (v. 1) :</subfield>
   <subfield code="c">£25 ($37.50 U.S.)</subfield>
  </datafield>
  <datafield tag="020" ind1=" " ind2=" ">
   <subfield code="a">0198286112 (v. 2) :</subfield>
   <subfield code="c">$55.00 (U.S.)</subfield>
  </datafield>
  <datafield tag="020" ind1=" " ind2=" ">
   <subfield code="a">9780198286097</subfield>
  </datafield>
  <datafield tag="040" ind1=" " ind2=" ">
   <subfield code="a">DLC</subfield>
   <subfield code="c">DLC</subfield>
   <subfield code="d">DLC</subfield>
   <subfield code="d">BD-DhAAL</subfield>
  </datafield>
  <datafield tag="082" ind1="0" ind2="0">
   <subfield code="a">362.7/042</subfield>
   <subfield code="2">19</subfield>
  </datafield>
  <datafield tag="245" ind1="0" ind2="0">
   <subfield code="a">Adjustment with a human face /</subfield>
   <subfield code="n">Volume 1 Protecting the vulnerable and promoting growth,</subfield>
   <subfield code="c">edited by Giovanni Andrea Cornia, Richard Jolly and Frances Stewart.</subfield>
  </datafield>
  <datafield tag="260" ind1=" " ind2=" ">
   <subfield code="a">Oxford, Oxfordshire :</subfield>
   <subfield code="b">Clarendon Press ;</subfield>
   <subfield code="a">Oxford, Oxfordshire ;</subfield>
   <subfield code="a">New York :</subfield>
   <subfield code="b">Oxford University Press,</subfield>
   <subfield code="c">c1987[Reprinted 1988]</subfield>
  </datafield>
  <datafield tag="300" ind1=" " ind2=" ">
   <subfield code="a">xix, 319 pages :</subfield>
   <subfield code="b">illustrations ;</subfield>
   <subfield code="c">24 cm.</subfield>
  </datafield>
  <datafield tag="362" ind1="0" ind2=" ">
   <subfield code="a">Volume one</subfield>
  </datafield>
  <datafield tag="500" ind1=" " ind2=" ">
   <subfield code="a">Vol. 1: 1988 printing.</subfield>
  </datafield>
  <datafield tag="504" ind1=" " ind2=" ">
   <subfield code="a">Includes bibliographies and indexes.</subfield>
  </datafield>
  <datafield tag="505" ind1="0" ind2=" ">
   <subfield code="a">v. 1. Protecting the vulnerable and promoting growth -- v. 2. Country case studies.</subfield>
  </datafield>
  <datafield tag="541" ind1="1" ind2=" ">
   <subfield code="a">Donated by Akbar Ali Khan</subfield>
   <subfield code="e">00004610, 37994</subfield>
  </datafield>
  <datafield tag="650" ind1=" " ind2="1">
   <subfield code="a">Developing countries</subfield>
   <subfield code="x">Social policy.</subfield>
   <subfield code="9">46519</subfield>
  </datafield>
  <datafield tag="650" ind1=" " ind2="1">
   <subfield code="a">Developing countries</subfield>
   <subfield code="x">Economic policy.</subfield>
   <subfield code="9">46520</subfield>
  </datafield>
  <datafield tag="650" ind1=" " ind2="0">
   <subfield code="a">Child welfare</subfield>
   <subfield code="z">Developing countries.</subfield>
   <subfield code="9">46521</subfield>
  </datafield>
  <datafield tag="650" ind1=" " ind2="0">
   <subfield code="a">Depressions.</subfield>
   <subfield code="9">46522</subfield>
  </datafield>
  <datafield tag="650" ind1=" " ind2="0">
   <subfield code="a">Child welfare</subfield>
   <subfield code="x">Cross-cultural studies.</subfield>
   <subfield code="9">46523</subfield>
  </datafield>
  <datafield tag="700" ind1="1" ind2=" ">
   <subfield code="a">Cornia, Giovanni Andrea.</subfield>
   <subfield code="9">46524</subfield>
  </datafield>
  <datafield tag="700" ind1="1" ind2=" ">
   <subfield code="a">Jolly, Richard.</subfield>
   <subfield code="9">46525</subfield>
  </datafield>
  <datafield tag="700" ind1="1" ind2=" ">
   <subfield code="a">Stewart, Frances,</subfield>
   <subfield code="d">1940-</subfield>
   <subfield code="9">46526</subfield>
  </datafield>
  <datafield tag="852" ind1="4" ind2=" ">
   <subfield code="a">Ayesha Abed Library</subfield>
   <subfield code="j">General shelf</subfield>
  </datafield>
  <datafield tag="942" ind1=" " ind2=" ">
   <subfield code="2">ddc</subfield>
   <subfield code="c">BK</subfield>
  </datafield>
  <datafield tag="952" ind1=" " ind2=" ">
   <subfield code="0">0</subfield>
   <subfield code="1">0</subfield>
   <subfield code="2">ddc</subfield>
   <subfield code="4">0</subfield>
   <subfield code="6">362_704200000000000_ADJ_1987</subfield>
   <subfield code="7">0</subfield>
   <subfield code="9">3705</subfield>
   <subfield code="a">BRACUL</subfield>
   <subfield code="b">BRACUL</subfield>
   <subfield code="c">GEN</subfield>
   <subfield code="d">2009-10-03</subfield>
   <subfield code="g">0.00</subfield>
   <subfield code="l">0</subfield>
   <subfield code="o">362.7042 ADJ</subfield>
   <subfield code="p">3010004610</subfield>
   <subfield code="r">2009-10-03</subfield>
   <subfield code="t">1</subfield>
   <subfield code="w">2009-10-03</subfield>
   <subfield code="y">BK</subfield>
   <subfield code="x">No price found in the accession register.</subfield>
  </datafield>
  <datafield tag="952" ind1=" " ind2=" ">
   <subfield code="0">0</subfield>
   <subfield code="1">0</subfield>
   <subfield code="2">ddc</subfield>
   <subfield code="4">0</subfield>
   <subfield code="6">362_704200000000000_ADJ</subfield>
   <subfield code="7">1</subfield>
   <subfield code="9">70023</subfield>
   <subfield code="a">BRACUL</subfield>
   <subfield code="b">BRACUL</subfield>
   <subfield code="c">AAKC</subfield>
   <subfield code="d">2022-03-07</subfield>
   <subfield code="e">Donated by Akbar Ali Khan</subfield>
   <subfield code="l">0</subfield>
   <subfield code="o">362.7042 ADJ</subfield>
   <subfield code="p">3010037994</subfield>
   <subfield code="r">2022-03-07</subfield>
   <subfield code="t">2</subfield>
   <subfield code="w">2022-03-07</subfield>
   <subfield code="y">BK</subfield>
  </datafield>
 </record>
</collection>
